<?xml version="1.0" encoding="UTF-8"?>
<marc:record xmlns:marc="http://www.loc.gov/MARC21/slim">
   <marc:leader>00000nam a2200000 a 4500</marc:leader>
   <marc:datafield ind1="1" ind2=" " tag="100">
      <marc:subfield code="a">Sánchez Vegara, María Isabel</marc:subfield>
      <marc:subfield code="4">aut</marc:subfield>
      <marc:subfield code="e">Verfasser/-in</marc:subfield>
   </marc:datafield>
   <marc:datafield ind1="0" ind2="0" tag="245">
      <marc:subfield code="a">Udo Lindenberg</marc:subfield>
   </marc:datafield>
   <marc:datafield ind1=" " ind2="1" tag="264">
      <marc:subfield code="b">Insel  Verlag</marc:subfield>
      <marc:subfield code="c">2024</marc:subfield>
   </marc:datafield>
   <marc:datafield ind1="1" ind2=" " tag="490">
      <marc:subfield code="a">Little People, Big Dreams</marc:subfield>
   </marc:datafield>
   <marc:datafield ind1="1" ind2=" " tag="520">
      <marc:subfield code="a">Mit zwölf bekommt er von seinen Eltern sein erstes Schlagzeug geschenkt. Er übt Tag und Nacht und wird im gleichen Jahr Schlagzeuger in einer Jazzband, bald darauf Sänger. Er zieht nach Hamburg, denn dort spielt die Musik, vor allem die englische. Aber erst als er seine Songs auf Deutsch schreibt und mit seinem Panikorchester tourt, lernen ihn alle kennen. </marc:subfield>
   </marc:datafield>
   <marc:datafield ind1=" " ind2=" " tag="020">
      <marc:subfield code="a">9783458644569</marc:subfield>
      <marc:subfield code="9">9783458644569</marc:subfield>
   </marc:datafield>
</marc:record>
